00603nam a2200241Ia 4500008004100000020001900041100002000060245001300080245002000093260001500113260002000128260000900148300001700157300001000174500007000184650002000254650001600274650002400290650001300314650001300327650001300340700000800353160803s9999 xx 000 0 und d a978-0060540746 aSpinelli, Jerry aLoser /  cJerry Spinelli. aNew York : bScholastic Inc. c2003 a218 pages ;  c22 cm aOriginally published: New York : HarperCollins Publishers, c2002. aFamily life --  aSchools --  aSelf-acceptance --  xFiction. xFiction. xFiction. a650